Normal view
MARC view
Entry Nombre geográfico
001 - NÚMERO DE CONTROL
- campo de control: 137143
003 - IDENTIFICADOR DE NÚMERO DE CONTROL
- campo de control: OSt
005 - FECHA Y HORA DE LA ÚLTIMA TRANSACCIÓN
- campo de control: 20230222192950.0
008 - ELEMENTOS DE DATO DE LONGITUD-FIJA
- campo de control de longitud fija: 080222 b azznnaaan n bnc d
040 ## - FUENTE DE CATALOGACIÓN
- Centro catalogador/agencia de origen: OSt
- Centro/agencia transcriptor: OSt
151 #4 - ENCABEZAMIENTO--NOMBRE GEOGRÁFICO
- Nombre geográfico: Europa-
- Subdivisión general: Reyes y Soberanos
